Tory Lanez Discography - Statistics

General Stats
  • This quiz has been taken 40 times
  • The average score is 6 of 18
Answer Stats
Year Name Type % Correct
2011 Chixtape Mixtape
84%
2014 Chixtape II Mixtape
76%
2015 Chixtape III Mixtape
73%
2017 Chixtape IV Mixtape
73%
2016 I Told You Album
62%
2015 The New Toronto Mixtape
62%
2017 The New Toronto 2 Mixtape
54%
2014 Lost Cause Mixtape
38%
2011 Mr. Peterson Mixtape
16%
2013 Conflicts of My Soul: The 416 Story Mixtape
11%
2012 Sincerely Tory Mixtape
11%
2011 Swavey Mixtape
11%
2010 Just Landed Mixtape
8%
2009 T.L. 2 T.O Mixtape
8%
2012 Ignant S... Mixtape
5%
2010 Mr. 1 Verse Killah Mixtape
5%
2010 One Verse One Hearse Mixtape
5%
2010 Playing for Keeps Mixtape
3%
No matching quizzes found
Score Distribution
Percent of People with Each Score
Percentile by Number Answered
Your Score History
You have not taken this quiz